000 00398nam a2200133Ia 4500
008 151021s9999 xx 000 0 und d
050 _aPN 3365 .W39 2009
245 _a_Creative Writing the writer's companion / May Stephen
260 _aOntario : McGraw-Hill, 2009
300 _axii,219 p.
500 _aIncludes index
650 _a_Creative writing
980 _a^d20110421 12:14:47^okilerai
999 _c7113
_d7113